<?xml version="1.0" encoding="UTF-8"?>
<record
    xmlns:xsi="http://www.w3.org/2001/XMLSchema-instance"
    xsi:schemaLocation="http://www.loc.gov/MARC21/slim http://www.loc.gov/standards/marcxml/schema/MARC21slim.xsd"
    xmlns="http://www.loc.gov/MARC21/slim">

  <leader>01212na  a2200277   4500</leader>
  <controlfield tag="001">23807</controlfield>
  <controlfield tag="003">MIRAKIL</controlfield>
  <controlfield tag="005">20181213155318.0</controlfield>
  <controlfield tag="008">171227b        tu            000 0      </controlfield>
  <datafield tag="040" ind1=" " ind2=" ">
    <subfield code="a">Milas</subfield>
    <subfield code="b">tur</subfield>
    <subfield code="c">TR-AnCHP</subfield>
  </datafield>
  <datafield tag="041" ind1=" " ind2=" ">
    <subfield code="a">tur</subfield>
  </datafield>
  <datafield tag="082" ind1=" " ind2=" ">
    <subfield code="a">343.04</subfield>
    <subfield code="b">&#x130;17 1958</subfield>
  </datafield>
  <datafield tag="090" ind1=" " ind2=" ">
    <subfield code="a">343.04 &#x130;17 1958</subfield>
  </datafield>
  <datafield tag="245" ind1=" " ind2=" ">
    <subfield code="a">&#x130;&#xE7;tihatl&#x131; ve notlu Vergi Usul Kanunu ve ilgili di&#x11F;er mevzuat</subfield>
    <subfield code="c">haz&#x131;rlayanlar Ayhan Hanku&#x15F;, &#xD6;zhan Ero&#x11F;uz</subfield>
  </datafield>
  <datafield tag="260" ind1=" " ind2=" ">
    <subfield code="a">Ankara</subfield>
    <subfield code="b">[yayl.y.]</subfield>
    <subfield code="c">1958</subfield>
    <subfield code="f">Do&#x11F;u&#x15F; Ltd. &#x15E;irketi matbaas&#x131;</subfield>
  </datafield>
  <datafield tag="300" ind1=" " ind2=" ">
    <subfield code="a">iii. 346 s.</subfield>
    <subfield code="c">24 sm.</subfield>
  </datafield>
  <datafield tag="490" ind1=" " ind2=" ">
    <subfield code="a">Maliye ve Hukuk yay&#x131;nlar&#x131;</subfield>
    <subfield code="v">51</subfield>
  </datafield>
  <datafield tag="505" ind1=" " ind2=" ">
    <subfield code="a">Vergi usul kanunu ve amme alacaklar&#x131;n&#x131;n tahsil usul&#xFC; hakk&#x131;nda kanun; Ticaret kanunu, ceza kanunu hukuk yarg&#x131;lama usul&#xFC;, ceza yarg&#x131;lama usul&#xFC;, &#x130;cra iflas ve &#x15F;uray&#x131; devlet kanunlar&#x131;n&#x131;n ilgili h&#xFC;k&#xFC;mleri; Gelir vergisi, kurumlar vergisi kanunlar&#x131;n&#x131;n ilgili maddeleri; Devlet &#x15E;uras&#x131; Kararlar&#x131; ve Maliye Vekaleti genel tebli&#x11F;leri.</subfield>
  </datafield>
  <datafield tag="650" ind1=" " ind2=" ">
    <subfield code="a">Vergi</subfield>
    <subfield code="x">Hukuk ve mevzuat</subfield>
    <subfield code="z">T&#xFC;rkiye</subfield>
  </datafield>
  <datafield tag="650" ind1=" " ind2=" ">
    <subfield code="a">Vergi usul hukuku</subfield>
    <subfield code="z">T&#xFC;rkiye</subfield>
  </datafield>
  <datafield tag="650" ind1=" " ind2=" ">
    <subfield code="a">Vergi hukuku</subfield>
    <subfield code="z">T&#xFC;rkiye</subfield>
  </datafield>
  <datafield tag="657" ind1=" " ind2=" ">
    <subfield code="a">Vergi Usul Kanunu</subfield>
  </datafield>
  <datafield tag="700" ind1=" " ind2=" ">
    <subfield code="a">Ero&#x11F;uz, &#xD6;zhan</subfield>
    <subfield code="e">haz.</subfield>
  </datafield>
  <datafield tag="700" ind1=" " ind2=" ">
    <subfield code="a">Hanku&#x15F;, Ayhan</subfield>
    <subfield code="e">haz.</subfield>
  </datafield>
  <datafield tag="942" ind1=" " ind2=" ">
    <subfield code="2">ddc</subfield>
    <subfield code="c">BKS</subfield>
  </datafield>
  <datafield tag="952" ind1=" " ind2=" ">
    <subfield code="a">0001</subfield>
    <subfield code="b">0001</subfield>
    <subfield code="d">2017-12-27</subfield>
    <subfield code="e">2</subfield>
    <subfield code="l">0</subfield>
    <subfield code="o">343.04 &#x130;17 1958</subfield>
    <subfield code="p">017784</subfield>
    <subfield code="r">2017-12-27 00:00:00</subfield>
    <subfield code="v">0.00</subfield>
    <subfield code="w">2017-12-27</subfield>
    <subfield code="y">BKS</subfield>
  </datafield>
  <datafield tag="999" ind1=" " ind2=" ">
    <subfield code="c">10373</subfield>
    <subfield code="d">10373</subfield>
  </datafield>
</record>
